Scarabei egiziani da collezioni private /

محفوظ في:

المؤلف الرئيسي: Andrenucci, Sara (مؤلف)

التنسيق: كتاب

اللغة: Italian

منشور في: Cairo : Istituto italiano di cultura del Cairo, 2007.

سلاسل: Biblioteca Archeologica ; 3.
BiblArch. ; 3.

الموضوعات:

الوسوم: إضافة وسم

لا توجد وسوم, كن أول من يضع وسما على هذه التسجيلة!

رقم الطلب: DT57 .I95 v.3

LEADER 00929namaa2200265 4500
001 13188
003 OSt
005 20241121091622.0
008 130303s2007 ua a 000 0 ita d
952 |0 0  |1 0  |2 lcc  |3 v.3  |4 0  |6 DT0057 I95 V.00003  |7 1  |9 16037  |a ARCE  |b ARCE  |d 2021-06-12  |l 0  |o DT57 .I95 v.3  |p 1018529  |r 2021-06-12 00:00:00  |w 2021-06-12  |y BK 
999 |c 12520  |d 12520 
040 |c ARCE Library 
043 |a f-ua--- 
050 4 |a DT57 .I95 v.3 
100 1 |a Andrenucci, Sara,  |e author  |9 25429 
245 1 0 |a Scarabei egiziani da collezioni private /  |c a cura di Sara Andrenucci. 
264 1 |a Cairo :  |b Istituto italiano di cultura del Cairo,  |c 2007. 
300 |a 167 pages :  |b illustrations ;  |c 24 cm. 
490 1 |a Biblioteca Archeologica ;   |v 3. 
490 1 |a BiblArch. ;   |v 3. 
650 0 |a Scarabs  |z Egypt  |v Private collections. 
830 0 |a Biblioteca Archeologica ;   |v 3. 
830 0 |a BiblArch. ;   |v 3. 
901 |a reviewed 
942 |c BK  |2 lcc